000 00746nam a2200241Ia 4500
003 OSt
005 20220925230107.0
006 a|||||r|||| 00| 0
007 ta
008 220923b |||||||| |||| 00| 0 eng d
037 _cGeneral Book
040 _aRTL
_cRTL
_beng
041 _2eng
_aeng
082 _aX9(JB).192.N9, N5
100 _aBrown Katrina Ed.
_9293214
245 0 _aCauses of tropical deforestation
_b The economic
260 _aLondon
_bU C L Press U K
_c1995
300 _axiv, 338p. Bibliography p.309-28
_ccm.
650 _aForestry Industry
700 _a Pearce David W Ed.
_9280401
942 _hX9(JB).192.N9, N5
_cGB
_2CC
999 _c584685
_d584685